[Event "3rd Memorial Warakomska 2019"]
[Site "Suwalki"]
[Date "2019.08.09"]
[Round "6.11"]
[White "Karthik Venkataraman"]
[Black "Szpar, Milosz"]
[Result "1-0"]
[WhiteElo "2480"]
[BlackElo "2289"]
[Annotator "ChessBase"]
[PlyCount "155"]
[EventDate "2019.08.05"]
[EventType "swiss"]
[EventCountry "POL"]
[SourceTitle "playchess.com"]
[Source "ChessBase"]
[SourceQuality "1"]
[TimeControl "40/5400+30:1800+30"]

1. d4 {[%emt 0:00:00]} Nf6 {[%emt 0:00:00]} 2. c4 {[%emt 0:00:00]} e6 {[%emt 0:00:00]} 3. Nf3 {[%emt 0:00:00]} b6 {[%emt 0:00:20]} 4. a3 {[%emt 0:00:00]} Bb7 {[%emt 0:00:31]} 5. Nc3 {[%emt 0:00:00]} d5 {[%emt 0:00:23]} 6. Bg5 {[%emt 0:00:14]} Be7 {[%emt 0:05:05]} 7. Qa4+ {[%emt 0:00:12]} Nbd7 {[%emt 0:15:28]} 8. Ne5 {[%emt 0:05:30]} O-O {[%emt 0:01:08]} 9. Nc6 {[%emt 0:02:50]} Qe8 {[%emt 0:00:16]} 10. Nxe7+ {[%emt 0:02:37]} Qxe7 {[%emt 0:00:04]} 11. e3 {[%emt 0:00:05]} dxc4 {[%emt 0:00:51]} 12. Qxc4 {[%emt 0:01:59]} c5 {[%emt 0:06:12]} 13. f3 {[%emt 0:06:44]} cxd4 {[%emt 0:08:34]} 14. Qxd4 {[%emt 0:01:00]} h6 {[%emt 0:07:21]} 15. Bh4 {[%emt 0:00:28]} Nc5 {[%emt 0:00:31]} 16. Bxf6 {[%emt 0:00:51]} Qxf6 {[%emt 0:05:04]} 17. Qxf6 {[%emt 0:00:07]} gxf6 {[%emt 0:00:04]} 18. Rd1 {[%emt 0:01:24]} Rfd8 {[%emt 0:02:17]} 19. Be2 {[%emt 0:00:06]} f5 {[%emt 0:01:11]} 20. Kf2 {[%emt 0:00:27]} Bc6 {[%emt 0:05:42]} 21. Rd4 {[%emt 0:05:08]} Rxd4 {[%emt 0:10:50]} 22. exd4 {[%emt 0:00:16]} Na4 {[%emt 0:04:27]} 23. Nxa4 {[%emt 0:01:34]} Bxa4 {[%emt 0:00:07]} 24. Rc1 {[%emt 0:00:04]} Rd8 {[%emt 0:01:14]} 25. Ke3 {[%emt 0:00:06]} Rd6 {[%emt 0:05:51]} 26. Rc8+ {[%emt 0:01:13]} Kg7 {[%emt 0:00:22]} 27. Ba6 {[%emt 0:06:52]} Rc6 {[%emt 0:08:09]} 28. d5 {[%emt 0:00:11]} Rd6 {[%emt 0:03:41]} 29. Rc7 {[%emt 0:09:55]} Rxd5 {[%emt 0:04:41]} 30. Rxa7 {[%emt 0:00:06]} Rc5 {[%emt 0:00:54]} 31. Bd3 {[%emt 0:00:51]} Bb3 {[%emt 0:01:57]} 32. Rb7 {[%emt 0:00:40]} Rc6 {[%emt 0:00:12]} 33. Bb5 {[%emt 0:00:25]} Rd6 {[%emt 0:01:02]} 34. g3 {[%emt 0:09:31]} Kf6 {[%emt 0:00:15]} 35. f4 {[%emt 0:00:49]} e5 {[%emt 0:01:59]} 36. fxe5+ {[%emt 0:00:08]} Kxe5 {[%emt 0:00:01]} 37. a4 {[%emt 0:01:50]} h5 {[%emt 0:00:17]} 38. Be8 {[%emt 0:00:34]} Bc4 {[%emt 0:00:48]} 39. Rd7 {[%emt 0:00:39]} Rh6 {[%emt 0:01:08]} 40. Bxf7 {[%emt 0:00:00]} Bxf7 {[%emt 0:00:00]} 41. Rxf7 {[%emt 0:05:44]} h4 {[%emt 0:00:55]} 42. Re7+ {[%emt 0:00:04]} Kd6 {[%emt 0:04:51]} 43. Rb7 {[%emt 0:00:07]} Ke5 {[%emt 0:00:47]} 44. Rb8 {[%emt 0:10:45]} hxg3 {[%emt 0:01:45]} 45. hxg3 {[%emt 0:00:17]} Rg6 {[%emt 0:01:13]} 46. Kf3 {[%emt 0:00:44]} Rg4 {[%emt 0:01:24]} 47. b3 {[%emt 0:02:03]} Rb4 {[%emt 0:02:17]} 48. Re8+ {[%emt 0:00:05]} Kd5 {[%emt 0:01:33]} 49. Re3 {[%emt 0:00:09]} Rg4 {[%emt 0:05:06]} 50. Rd3+ {[%emt 0:00:37]} Kc5 {[%emt 0:02:35]} 51. Re3 {[%emt 0:00:57]} Kd5 {[%emt 0:00:51]} 52. Rc3 {[%emt 0:00:07]} Re4 {[%emt 0:02:01]} 53. Kf2 {[%emt 0:01:39]} Rg4 {[%emt 0:03:06]} 54. Rf3 {[%emt 0:00:45]} Ke5 {[%emt 0:03:26]} 55. Ke2 {[%emt 0:00:19]} Rd4 {[%emt 0:01:26]} 56. Re3+ {[%emt 0:03:32]} Kf6 {[%emt 0:00:31]} 57. Rd3 {[%emt 0:00:15]} Rb4 {[%emt 0:00:26]} 58. Kd2 {[%emt 0:00:20]} Ke5 {[%emt 0:00:18]} 59. Re3+ {[%emt 0:02:57]} Kd5 {[%emt 0:00:08]} 60. Kc3 {[%emt 0:01:43]} Rg4 {[%emt 0:00:14]} 61. Rf3 {[%emt 0:00:29]} Kd6 {[%emt 0:02:32]} 62. Kd2 {[%emt 0:01:16]} Ke5 {[%emt 0:00:34]} 63. Ke2 {[%emt 0:03:27]} Ke6 {[%emt 0:00:45]} 64. Rc3 {[%emt 0:00:48]} Kd6 {[%emt 0:00:43]} 65. Rf3 {[%emt 0:00:55]} Ke6 {[%emt 0:00:08]} 66. Kd2 {[%emt 0:00:06]} Kd6 {[%emt 0:00:20]} 67. Rd3+ {[%emt 0:00:03]} Kc6 {[%emt 0:00:38]} 68. Rf3 {[%emt 0:01:42]} Kd6 {[%emt 0:00:05]} 69. Ke1 {[%emt 0:00:27]} Ke5 {[%emt 0:00:45]} 70. Rd3 {[%emt 0:00:07]} f4 {[%emt 0:00:49]} 71. gxf4+ {[%emt 0:00:03]} Rxf4 {[%emt 0:00:05]} 72. Kd2 {[%emt 0:00:06]} Ke6 {[%emt 0:00:57]} 73. Kc3 {[%emt 0:00:07]} Rh4 {[%emt 0:00:31]} 74. Rd4 {[%emt 0:00:32]} Rh8 {[%emt 0:03:25]} 75. Kc4 {[%emt 0:00:20]} Rb8 {[%emt 0:00:42]} 76. Kb5 {[%emt 0:00:07]} Ke5 {[%emt 0:00:16]} 77. Rd3 {[%emt 0:00:08]} Ke6 {[%emt 0:00:09]} 78. Kc6 {[%emt 0:00:16] Kd5+} 1-0

[Event "3rd Memorial Warakomska 2019"]
[Site "Suwalki"]
[Date "2019.08.09"]
[Round "6.12"]
[White "Skawinski, Arkadiusz"]
[Black "Iturrizaga Bonelli, Eduardo"]
[Result "0-1"]
[WhiteElo "2398"]
[BlackElo "2625"]
[Annotator "TA"]
[PlyCount "56"]
[EventDate "2019.08.05"]
[EventType "swiss"]
[EventCountry "POL"]
[SourceTitle "playchess.com"]
[Source "ChessBase"]
[SourceQuality "1"]

{[%evp 9,56,0,0,0,0,0,0,0,0,0,0,-5,0,0,15,0,8,18,17,9,18,0,0,0,19,20,29,0,0,-35,-41,-86,-92,-89,-37,-260,-269,-263,-266,-258,-271,-294,-287,-560,-523,-937,-937,-29990,-510]} 1. e4 c5 2. Nf3 e6 3. b3 b6 4. Bd3 (4. Bb2 Bb7 5. Qe2 Nc6 6. g3 Nf6 7. Bg2 d6 8. O-O e5 9. Nc3 g6 10. Nd5 Bg7 11. c4 O-O 12. d3 Bc8 13. h3 {½-½ (63) Akopian,V (2650)-Inarkiev,E (2693) St Petersburg 2018}) 4... Bb7 5. O-O Nc6 6. Re1 {B40: Sicilian: 2...e6, Unusual lines} Be7 7. Bb2 Nf6 8. e5 {The position is equal.} Nh5 9. Bf1 O-O 10. g3 Qe8 $146 ({Predecessor:} 10... d5 11. d4 g6 {½-½ (31) Reza,W (2303)-Maksimenko,A (2483) Pokrzywna 2018}) 11. Bg2 f5 12. exf6 Bxf6 13. Bxf6 Nxf6 14. Nc3 Ne7 15. d4 Nf5 16. dxc5 bxc5 17. Qd3 Rc8 18. Rad1 Qh5 {Threatens to win with ...Nd4!} 19. Ne2 g5 $36 {[%mdl 2048] Black is more active.} 20. h3 Be4 21. Qc3 {[#] Black must now prevent g4.} d5 ({Not} 21... Nd5 22. Rxd5 $1 {[%mdl 512]} Bxd5 23. g4 $16) (21... Nd4 $1 $17 {[%cal Rd4f3][%mdl 512]} 22. g4 (22. Nexd4 cxd4) 22... Nxf3+ 23. Qxf3 Bxf3 24. gxh5 Bxg2 25. Kxg2 c4) 22. g4 $2 {[#]} (22. Rd3 $15) 22... Nxg4 $1 $19 {[%mdl 512]} 23. hxg4 Qxg4 {And now ...Ne3! would win.} 24. Rd3 {intending Ng3!} d4 ({And not} 24... Bxd3 25. Qxd3 Nh4 26. Nxh4 $11) 25. Qd2 Ne3 26. fxe3 $2 (26. Ng3 Bxf3 27. fxe3 Qxg3 28. exd4 cxd4 29. Rxe6) 26... Rxf3 ({Weaker is} 26... Bxf3 27. Nc1 $11) 27. Nxd4 {[#]} Rg3 $1 {[%cal Rg3g2][%mdl 512]} 28. Nf3 Qxf3 {Accuracy: White = 45%, Black = 55%.} (28... Bxf3 $142 29. Rd8+ Kg7 30. Qc3+ {[#]} Kg6 $1 {[%mdl 512]} 31. Qd3+ Kh6 32. Qxh7+ Kxh7 33. Rd7+ Kg6 34. Kf1 Bxg2+ 35. Kf2 Qf3+ 36. Kg1 Bh3+ 37. Kh2 Qg2#) 0-1

[Event "3rd Memorial Warakomska 2019"]
[Site "Suwalki"]
[Date "2019.08.09"]
[Round "6.13"]
[White "Lewtak, Damian"]
[Black "Stupak, Kirill"]
[Result "1/2-1/2"]
[WhiteElo "2354"]
[BlackElo "2560"]
[Annotator "ChessBase"]
[PlyCount "24"]
[EventDate "2019.08.05"]
[EventType "swiss"]
[EventCountry "POL"]
[SourceTitle "playchess.com"]
[Source "ChessBase"]
[SourceQuality "1"]
[TimeControl "40/5400+30:1800+30"]

1. Nf3 {[%emt 0:00:00]} d5 {[%emt 0:08:27]} 2. g3 {[%emt 0:02:12]} g6 {[%emt 0:00:11]} 3. d4 {[%emt 0:00:30]} Bg7 {[%emt 0:00:13]} 4. Bg2 {[%emt 0:00:06]} e6 {[%emt 0:00:18]} 5. Nbd2 {[%emt 0:04:47]} Nc6 {[%emt 0:09:26]} 6. c3 {[%emt 0:03:20]} f5 {[%emt 0:00:39]} 7. Nb3 {[%emt 0:00:10]} b6 {[%emt 0:03:06]} 8. Bf4 {[%emt 0:03:07]} a5 {[%emt 0:01:34]} 9. Nc1 {[%emt 0:00:34]} Nh6 {[%emt 0:01:20]} 10. Nd3 {[%emt 0:10:09]} Nf7 {[%emt 0:00:38]} 11. h4 {[%emt 0:00:15]} O-O {[%emt 0:00:42]} 12. Ng5 {[%emt 0:01:55]} h6 {[%emt 0:15:30]} 1/2-1/2

[Event "3rd Memorial Warakomska 2019"]
[Site "Suwalki"]
[Date "2019.08.09"]
[Round "6.14"]
[White "Czarnota, Pawel"]
[Black "Kowalski, Igor"]
[Result "1/2-1/2"]
[WhiteElo "2534"]
[BlackElo "2320"]
[Annotator "ChessBase"]
[PlyCount "34"]
[EventDate "2019.08.05"]
[EventType "swiss"]
[EventCountry "POL"]
[SourceTitle "playchess.com"]
[Source "ChessBase"]
[SourceQuality "1"]
[TimeControl "40/5400+30:1800+30"]

1. e4 {[%emt 0:00:00]} c5 {[%emt 0:00:00]} 2. Nf3 {[%emt 0:00:17]} Nc6 {[%emt 0:00:00]} 3. d4 {[%emt 0:02:18]} cxd4 {[%emt 0:00:00]} 4. Nxd4 {[%emt 0:00:05]} Nf6 {[%emt 0:00:00]} 5. Nc3 {[%emt 0:00:07]} e5 {[%emt 0:00:00]} 6. Ndb5 {[%emt 0:00:07]} d6 {[%emt 0:00:05]} 7. Nd5 {[%emt 0:00:06]} Nxd5 {[%emt 0:00:05]} 8. exd5 {[%emt 0:00:08]} Nb8 {[%emt 0:00:02]} 9. a4 {[%emt 0:00:28]} Be7 {[%emt 0:00:55]} 10. Be2 {[%emt 0:00:06]} O-O {[%emt 0:00:41]} 11. O-O {[%emt 0:00:11]} a6 {[%emt 0:01:10]} 12. Na3 {[%emt 0:00:57]} f5 {[%emt 0:04:34]} 13. Nc4 {[%emt 0:03:12]} f4 {[%emt 0:00:57]} 14. a5 {[%emt 0:04:04]} Nd7 {[%emt 0:01:24]} 15. Re1 {[%emt 0:19:41]} Rb8 {[%emt 0:16:02]} 16. b4 {[%emt 0:08:38]} Rf6 {[%emt 0:08:59]} 17. Ra3 {[%emt 0:14:20]} Rh6 {[%emt 0:02:47]} 1/2-1/2

[Event "3rd Memorial Warakomska 2019"]
[Site "Suwalki"]
[Date "2019.08.09"]
[Round "6.15"]
[White "Jakubowski, Krzysztof"]
[Black "Zylka, Stanislaw"]
[Result "1-0"]
[WhiteElo "2528"]
[BlackElo "2308"]
[Annotator "ChessBase"]
[PlyCount "131"]
[EventDate "2019.08.05"]
[EventType "swiss"]
[EventCountry "POL"]
[SourceTitle "playchess.com"]
[Source "ChessBase"]
[SourceQuality "1"]
[TimeControl "40/5400+30:1800+30"]

1. Nf3 {[%emt 0:00:00]} Nf6 {[%emt 0:00:00]} 2. b3 {[%emt 0:00:00]} g6 {[%emt 0:00:00]} 3. Bb2 {[%emt 0:00:00]} Bg7 {[%emt 0:00:12]} 4. c4 {[%emt 0:00:10]} O-O {[%emt 0:00:40]} 5. d4 {[%emt 0:00:13]} d6 {[%emt 0:01:09]} 6. Nc3 {[%emt 0:00:44]} Nbd7 {[%emt 0:01:02]} 7. e3 {[%emt 0:01:19]} e5 {[%emt 0:04:40]} 8. Be2 {[%emt 0:02:06]} Re8 {[%emt 0:00:53]} 9. h3 {[%emt 0:00:38]} c6 {[%emt 0:02:17]} 10. Qc2 {[%emt 0:02:24]} a6 {[%emt 0:01:14]} 11. a4 {[%emt 0:01:32]} a5 {[%emt 0:00:31]} 12. Ba3 {[%emt 0:01:13]} exd4 {[%emt 0:02:32]} 13. exd4 {[%emt 0:01:27]} d5 {[%emt 0:00:54]} 14. O-O {[%emt 0:07:42]} Nf8 {[%emt 0:04:43]} 15. Bd3 {[%emt 0:06:52]} Ne6 {[%emt 0:01:29]} 16. Ne2 {[%emt 0:00:34]} Nh5 {[%emt 0:10:45]} 17. Rfe1 {[%emt 0:09:59]} Nhf4 {[%emt 0:03:16]} 18. Nxf4 {[%emt 0:05:34]} Nxf4 {[%emt 0:00:10]} 19. Bf1 {[%emt 0:00:05]} Bf5 {[%emt 0:02:40]} 20. Qd2 {[%emt 0:05:16]} Re4 {[%emt 0:09:29]} 21. Rxe4 {[%emt 0:16:15]} dxe4 {[%emt 0:00:09]} 22. Qxf4 {[%emt 0:00:05]} exf3 {[%emt 0:00:13]} 23. Qxf3 {[%emt 0:11:26]} Qxd4 {[%emt 0:07:40]} 24. Rd1 {[%emt 0:00:12]} Qc3 {[%emt 0:01:11]} 25. Qxc3 {[%emt 0:03:30]} Bxc3 {[%emt 0:00:09]} 26. g4 {[%emt 0:00:04]} Be6 {[%emt 0:00:13]} 27. Bc5 {[%emt 0:01:13]} Re8 {[%emt 0:04:34]} 28. f4 {[%emt 0:04:15]} f6 {[%emt 0:01:49]} 29. Kf2 {[%emt 0:00:58]} Kf7 {[%emt 0:12:58]} 30. Bd3 {[%emt 0:01:38]} f5 {[%emt 0:01:31]} 31. gxf5 {[%emt 0:00:20]} gxf5 {[%emt 0:00:07]} 32. Be2 {[%emt 0:00:13]} Rc8 {[%emt 0:04:58]} 33. Bb6 {[%emt 0:08:40]} Ke7 {[%emt 0:04:11]} 34. Rd3 {[%emt 0:02:17]} Bb4 {[%emt 0:00:10]} 35. Bd1 {[%emt 0:00:33]} Rg8 {[%emt 0:01:12]} 36. Bc2 {[%emt 0:02:26]} Bd6 {[%emt 0:03:40]} 37. Kf3 {[%emt 0:02:27]} c5 {[%emt 0:00:39]} 38. Bxa5 {[%emt 0:02:15]} Bd7 {[%emt 0:00:15]} 39. Re3+ {[%emt 0:00:36]} Kf7 {[%emt 0:00:07]} 40. Kf2 {[%emt 0:00:00]} Bxf4 {[%emt 0:00:00]} 41. Rf3 {[%emt 0:01:46]} Bc6 {[%emt 0:20:13]} 42. Rxf4 {[%emt 0:00:31]} Rg2+ {[%emt 0:00:07]} 43. Ke3 {[%emt 0:11:01]} Rxc2 {[%emt 0:00:07]} 44. Rxf5+ {[%emt 0:00:04]} Ke6 {[%emt 0:00:41]} 45. Rxc5 {[%emt 0:00:28]} Rb2 {[%emt 0:00:13]} 46. b4 {[%emt 0:00:20]} Rb3+ {[%emt 0:00:12]} 47. Kd4 {[%emt 0:00:07]} Rxh3 {[%emt 0:00:15]} 48. Re5+ {[%emt 0:00:10]} Kd6 {[%emt 0:02:05]} 49. c5+ {[%emt 0:00:23]} Kd7 {[%emt 0:00:32]} 50. b5 {[%emt 0:00:07]} Rh4+ {[%emt 0:00:04]} 51. Kc3 {[%emt 0:00:14]} Bg2 {[%emt 0:06:58]} 52. Bb4 {[%emt 0:02:17]} Rh3+ {[%emt 0:00:31]} 53. Kb2 {[%emt 0:01:26]} h5 {[%emt 0:02:47]} 54. a5 {[%emt 0:06:02]} h4 {[%emt 0:01:59]} 55. c6+ {[%emt 0:03:18]} bxc6 {[%emt 0:00:08]} 56. b6 {[%emt 0:00:39]} c5 {[%emt 0:01:04]} 57. Rxc5 {[%emt 0:00:52]} Bc6 {[%emt 0:01:25]} 58. a6 {[%emt 0:01:30]} Rh2+ {[%emt 0:04:38]} 59. Kc3 {[%emt 0:01:13]} Rh3+ {[%emt 0:00:25]} 60. Kc4 {[%emt 0:00:59]} Rg3 {[%emt 0:00:56]} 61. Rh5 {[%emt 0:00:54]} h3 {[%emt 0:02:23]} 62. Rh7+ {[%emt 0:00:33]} Ke6 {[%emt 0:00:32]} 63. Rh6+ {[%emt 0:00:28]} Kf5 {[%emt 0:01:43]} 64. Rxc6 {[%emt 0:00:16]} Rg4+ {[%emt 0:00:31]} 65. Kb5 {[%emt 0:00:06]} h2 {[%emt 0:00:12]} 66. Rh6 {[%emt 0:00:08]} 1-0

[Event "3rd Memorial Warakomska 2019"]
[Site "Suwalki"]
[Date "2019.08.09"]
[Round "6.16"]
[White "Matviishen, Viktor"]
[Black "Ashwath, R.."]
[Result "1-0"]
[WhiteElo "2495"]
[BlackElo "2365"]
[Annotator "ChessBase"]
[PlyCount "78"]
[EventDate "2019.08.05"]
[EventType "swiss"]
[EventCountry "POL"]
[SourceTitle "playchess.com"]
[Source "ChessBase"]
[SourceQuality "1"]
[TimeControl "40/5400+30:1800+30"]

1. e4 {[%emt 0:00:00]} e5 {[%emt 0:01:04]} 2. Nf3 {[%emt 0:00:00]} Nc6 {[%emt 0:00:03]} 3. Bb5 {[%emt 0:00:00]} g6 {[%emt 0:00:13]} 4. c3 {[%emt 0:00:14]} a6 {[%emt 0:00:29]} 5. Ba4 {[%emt 0:00:13]} Bg7 {[%emt 0:00:32]} 6. d4 {[%emt 0:00:08]} b5 {[%emt 0:02:24]} 7. Bb3 {[%emt 0:00:07]} exd4 {[%emt 0:01:26]} 8. cxd4 {[%emt 0:00:32]} d6 {[%emt 0:00:59]} 9. Ng5 {[%emt 0:03:44]} Nh6 {[%emt 0:06:25]} 10. Bd5 {[%emt 0:04:33]} Bd7 {[%emt 0:07:45]} 11. h3 {[%emt 0:00:23]} O-O {[%emt 0:03:49]} 12. Nf3 {[%emt 0:00:10]} Rb8 {[%emt 0:06:33]} 13. Bg5 {[%emt 0:02:41]} Qe8 {[%emt 0:02:04]} 14. O-O {[%emt 0:00:09]} Kh8 {[%emt 0:05:57]} 15. Re1 {[%emt 0:11:32]} Ng8 {[%emt 0:03:09]} 16. Nc3 {[%emt 0:01:27]} h6 {[%emt 0:08:59]} 17. Bf4 {[%emt 0:01:53]} Qd8 {[%emt 0:03:01]} 18. Rc1 {[%emt 0:03:33]} g5 {[%emt 0:14:17]} 19. Bh2 {[%emt 0:01:26]} Nce7 {[%emt 0:00:34]} 20. Bb3 {[%emt 0:01:08]} a5 {[%emt 0:02:59]} 21. e5 {[%emt 0:01:57]} Bf5 {[%emt 0:01:30]} 22. d5 {[%emt 0:04:21]} dxe5 {[%emt 0:07:13]} 23. Nxe5 {[%emt 0:02:31]} a4 {[%emt 0:02:26]} 24. Bc2 {[%emt 0:01:19]} Bxc2 {[%emt 0:05:19]} 25. Rxc2 {[%emt 0:01:33]} b4 {[%emt 0:00:35]} 26. Nxa4 {[%emt 0:00:26]} Qxd5 {[%emt 0:00:20]} 27. Rd2 {[%emt 0:05:01]} Qa5 {[%emt 0:02:55]} 28. Nd7 {[%emt 0:00:09]} b3 {[%emt 0:01:17]} 29. Nxb8 {[%emt 0:03:52]} bxa2 {[%emt 0:04:22]} 30. b4 {[%emt 0:00:16]} Qxb4 {[%emt 0:00:33]} 31. Rxa2 {[%emt 0:00:10]} Qxb8 {[%emt 0:03:48]} 32. Be5 {[%emt 0:01:13]} f6 {[%emt 0:01:46]} 33. Ba1 {[%emt 0:01:11]} Ng6 {[%emt 0:00:35]} 34. Nc5 {[%emt 0:02:36]} Qb4 {[%emt 0:01:07]} 35. Ne6 {[%emt 0:00:27]} Re8 {[%emt 0:00:07]} 36. Rae2 {[%emt 0:00:16]} Qb7 {[%emt 0:00:43]} 37. Nc5 {[%emt 0:01:07]} Qc6 {[%emt 0:00:38]} 38. Rxe8 {[%emt 0:00:07]} Nh4 {[%emt 0:00:31]} 39. R1e4 {[%emt 0:02:18]} f5 1-0

[Event "3rd Memorial Warakomska 2019"]
[Site "Suwalki"]
[Date "2019.08.09"]
[Round "6.17"]
[White "Suliborski, Jakub"]
[Black "Cukrowski, Filip"]
[Result "1/2-1/2"]
[WhiteElo "2131"]
[BlackElo "2421"]
[Annotator "NA"]
[PlyCount "151"]
[EventDate "2019.08.05"]
[EventType "swiss"]
[EventCountry "POL"]
[SourceTitle "playchess.com"]
[Source "ChessBase"]
[SourceQuality "1"]
[TimeControl "40/5400+30:1800+30"]

1. d4 {[%emt 0:00:00]} Nf6 {[%emt 0:03:07]} 2. Nf3 {[%emt 0:00:00]} e6 {[%emt 0:00:14]} 3. c4 {[%emt 0:00:00]} b6 {[%emt 0:00:05]} 4. g3 {[%emt 0:00:03]} Bb7 {[%emt 0:00:06]} 5. Bg2 {[%emt 0:00:10]} c5 {[%emt 0:00:05]} 6. O-O {[%emt 0:00:38]} cxd4 {[%emt 0:00:09]} 7. Nxd4 {[%emt 0:00:08]} Bxg2 {[%emt 0:00:06]} 8. Kxg2 {[%emt 0:00:06]} a6 {[%emt 0:11:21]} 9. Nc3 {[%emt 0:06:32]} Qc7 {[%emt 0:00:49]} 10. Qd3 {[%emt 0:04:18]} Nc6 {[%emt 0:00:36]} 11. Nxc6 {[%emt 0:06:06]} Qxc6+ {[%emt 0:00:08]} 12. Qf3 {[%emt 0:00:04]} Rc8 {[%emt 0:01:22]} 13. Qxc6 {[%emt 0:00:11]} Rxc6 {[%emt 0:00:06]} 14. Be3 {[%emt 0:00:04]} Ng4 {[%emt 0:07:36]} 15. Nd1 {[%emt 0:02:14]} Bd6 {[%emt 0:04:53]} 16. Rc1 {[%emt 0:05:48]} Be5 {[%emt 0:20:51]} 17. b3 {[%emt 0:02:07]} Ke7 {[%emt 0:00:06]} 18. h3 {[%emt 0:00:47]} Nxe3+ {[%emt 0:02:13]} 19. Nxe3 {[%emt 0:00:07]} Rhc8 {[%emt 0:04:02]} 20. Rcd1 {[%emt 0:04:53]} b5 {[%emt 0:00:47]} 21. Rd3 {[%emt 0:00:53]} Bb8 {[%emt 0:05:28]} 22. Rfd1 {[%emt 0:05:04]} R8c7 {[%emt 0:00:17]} 23. cxb5 {[%emt 0:03:47]} axb5 {[%emt 0:00:07]} 24. a4 {[%emt 0:00:02]} bxa4 {[%emt 0:00:34]} 25. bxa4 {[%emt 0:00:04]} Ra6 {[%emt 0:00:24]} 26. Rb1 {[%emt 0:01:46]} Ba7 {[%emt 0:00:09]} 27. Rb4 {[%emt 0:00:13]} d5 {[%emt 0:05:47]} 28. Nf1 {[%emt 0:07:14]} Bc5 {[%emt 0:01:47]} 29. Rh4 {[%emt 0:00:38]} h6 {[%emt 0:00:11]} 30. Nd2 {[%emt 0:00:36]} Rca7 {[%emt 0:07:23]} 31. Nb3 {[%emt 0:05:38]} Bb6 {[%emt 0:00:09]} 32. Rb4 {[%emt 0:00:48]} Bc7 {[%emt 0:02:20]} 33. a5 {[%emt 0:04:05]} Bxa5 {[%emt 0:00:12]} 34. Nxa5 {[%emt 0:00:06]} Rxa5 {[%emt 0:00:05]} 35. Rdb3 {[%emt 0:01:36]} Rd7 {[%emt 0:00:42]} 36. Rb7 {[%emt 0:00:22]} Ra7 {[%emt 0:00:18]} 37. Rxa7 {[%emt 0:01:09]} Rxa7 {[%emt 0:02:13]} 38. e3 {[%emt 0:00:08]} g5 {[%emt 0:03:10]} 39. Rb8 {[%emt 0:01:32]} e5 {[%emt 0:01:04]} 40. Rb6 {[%emt 0:00:00]} f6 {[%emt 0:00:00]} 41. Kf3 {[%emt 0:01:07]} h5 {[%emt 0:00:47]} 42. Rb8 {[%emt 0:01:08]} Ra4 {[%emt 0:13:22]} 43. Rb7+ {[%emt 0:13:42]} Ke6 {[%emt 0:00:06]} 44. Rb6+ {[%emt 0:00:05]} Kf5 {[%emt 0:00:17]} 45. Rd6 {[%emt 0:00:07]} g4+ {[%emt 0:00:28]} 46. hxg4+ {[%emt 0:00:04]} hxg4+ {[%emt 0:00:04]} 47. Ke2 {[%emt 0:00:46]} Ra2+ {[%emt 0:00:52]} 48. Ke1 {[%emt 0:00:40]} Ra5 {[%emt 0:12:55]} 49. Ke2 {[%emt 0:02:19]} Rb5 {[%emt 0:01:05]} 50. Ke1 {[%emt 0:01:52]} Ke4 {[%emt 0:07:20]} 51. Rxf6 {[%emt 0:00:16]} d4 {[%emt 0:00:07]} 52. exd4 {[%emt 0:00:37]} Kd3 {[%emt 0:00:04]} 53. Kf1 {[%emt 0:01:27]} exd4 {[%emt 0:00:03]} 54. f3 {[%emt 0:09:49]} Rb1+ {[%emt 0:12:05]} 55. Kf2 {[%emt 0:00:10]} Rb2+ {[%emt 0:00:02]} 56. Kf1 {[%emt 0:00:07]} Rb1+ {[%emt 0:00:02]} 57. Kf2 {[%emt 0:00:05]} Rb2+ {[%emt 0:00:02]} 58. Kf1 {[%emt 0:00:56]} gxf3 {[%emt 0:00:05]} 59. Rxf3+ {[%emt 0:00:17]} Kc2 {[%emt 0:00:56]} 60. Ke1 {[%emt 0:19:43]} Rb8 {[%emt 0:04:32]} 61. Rf2+ {[%emt 0:05:01]} Kc1 {[%emt 0:00:05]} 62. Rf7 {[%emt 0:00:07]} Re8+ {[%emt 0:00:13]} 63. Kf2 {[%emt 0:00:07]} d3 {[%emt 0:00:18]} 64. Rc7+ {[%emt 0:00:20]} Kd1 {[%emt 0:00:05]} 65. g4 {[%emt 0:00:17]} d2 {[%emt 0:01:13]} 66. Rd7 {[%emt 0:01:24]} Re4 {[%emt 0:01:47]} 67. Kf3 {[%emt 0:02:45]} Rc4 {[%emt 0:00:19]} 68. Ke3 {[%emt 0:00:14]} Rc3+ {[%emt 0:00:40]} 69. Ke4 {[%emt 0:01:23]} Ke2 {[%emt 0:00:10]} 70. Rxd2+ {[%emt 0:00:45]} Kxd2 {[%emt 0:00:04]} 71. g5 {[%emt 0:00:31]} Rc4+ {[%emt 0:02:23]} 72. Kf5 {[%emt 0:00:42]} Ke3 {[%emt 0:00:05]} 73. g6 {[%emt 0:00:12]} Rc5+ {[%emt 0:01:05]} 74. Kf6 {[%emt 0:00:16]} Rc6+ {[%emt 0:00:03]} 75. Kf7 {[%emt 0:00:08]} Rxg6 {[%emt 0:00:03]} 76. Kxg6 {[%emt 0:00:04]} 1/2-1/2